Welfare of pet marmosets (Registro nro. 10251)

Detalles MARC
000 -CABECERA
Campo de control 004130000a22001450004500
090 ## - CLASIFICACIÓN LOCAL
Colección AR
Consecutivo 01165
041 0# - IDIOMA
Código de idioma para texto/pista de sonido o título separado
100 1# - ASIENTO PRINCIPAL--NOMBRE PERSONAL
Nombre personal Whitehead, Malcolm
245 10 - MENCION DE TITULO
Título Welfare of pet marmosets
650 14 - ASIENTO SECUNDARIO DE MATERIA - TERMINO TEMATICO
Término temático o nombre geográfico como elemento de entrada Primates
650 14 - ASIENTO SECUNDARIO DE MATERIA - TERMINO TEMATICO
Término temático o nombre geográfico como elemento de entrada Fauna en cautiverio
650 14 - ASIENTO SECUNDARIO DE MATERIA - TERMINO TEMATICO
Término temático o nombre geográfico como elemento de entrada Mascotas
773 1# - Item fuente:
Título Welfare of Pet Marmosets / Primate Society of Great Britain
Especificación de materiales 432
Paginas del Articulo 1-31
Lugar, editorial y fecha de publicación 1987
942 ## - ELEMENTOS ADICIONALES (KOHA)
Tipo de ítem Artículo
Existencias
Withdrawn status Lost status Damaged status No para préstamo Colección Ubicación Permanente Ubicación actual Fecha de adquisición Fuente de Valor Datos de publicación Seriada Total Checkouts Número topográfico Inventario / Código de Barras Date last seen Ejemplar Price effective from Forma de adquisición Tipo de material
      No para Préstamo Hemeroteca Bogotá Bogotá 27/02/2015 Muñoz Saba, Yaneth Fuera de circulación   AR 01165 011485 25/03/2015 1 25/03/2015   Artículo